[Event "26. Copenhagen Open  (Politiken Cup)"]
[Site "Taastrup"]
[Date "2004.07.31"]
[Round "10"]
[White "Munk, Poul"]
[Black "Eiholt, Bjarne"]
[Result "1-0"]
[WhiteElo "1992"]
[BlackElo "1542"]
[PlyCount "57"]
[EventDate "2004.07.24"]
[EventType "swiss"]
[EventRounds "10"]
[EventCountry "DEN"]
[SourceDate "2004.01.01"]

1. c4 e5 2. Nc3 Nc6 3. Nf3 d6 4. d4 g6 5. d5 Nce7 6. e4 Bg7 7. Be3 f5 8. exf5
Nxf5 9. Bg5 Nf6 10. Ne4 O-O 11. h4 Qe8 12. Bd3 Nd4 13. Nxd4 exd4 14. Bxf6 Bxf6
15. Qc2 Be5 16. O-O-O c6 17. dxc6 Qxc6 18. Rde1 Bf5 19. Rhf1 Rac8 20. Kb1 d5
21. cxd5 Qxd5 22. Qe2 a5 23. g4 Be6 24. b3 Qd7 25. Bb5 Qd5 26. Ng5 d3 27. Qxe5
Qxe5 28. Rxe5 Bxg4 29. Bxd3 1-0

[Event "26. Copenhagen Open  (Politiken Cup)"]
[Site "Taastrup"]
[Date "2004.07.31"]
[Round "10"]
[White "Nielsen, Borge Hjerrild"]
[Black "Gaspariants, Garry"]
[Result "0-1"]
[WhiteElo "2097"]
[BlackElo "2293"]
[PlyCount "76"]
[EventDate "2004.07.24"]
[EventType "swiss"]
[EventRounds "10"]
[EventCountry "DEN"]
[SourceDate "2004.01.01"]

1. d4 Nf6 2. c4 e6 3. Nc3 Bb4 4. Qc2 c5 5. dxc5 Nc6 6. Nf3 Qc7 7. Bg5 Ne5 8.
Nxe5 Qxe5 9. Bd2 Bxc5 10. e4 Ng4 11. Nd1 O-O 12. h3 Nf6 13. Bd3 Nh5 14. Ne3 Nf4
15. Bc3 Qh5 16. g4 Qh4 17. O-O-O b6 18. Bf1 f6 19. Be1 Qg5 20. Bd2 Qe5 21. Bc3
Qc7 22. Ng2 Bb7 23. f3 Rad8 24. Kb1 Kh8 25. Bd2 Nxg2 26. Bxg2 d5 27. cxd5 exd5
28. exd5 Bxd5 29. Bb4 Qf7 30. Bxc5 Bxa2+ 31. Ka1 bxc5 32. Qxc5 Bb3 33. Rxd8
Rxd8 34. Rc1 Qd7 35. Bf1 Qd2 36. Kb1 a5 37. Qc3 Qd5 38. f4 Qe4+ 0-1

[Event "26. Copenhagen Open  (Politiken Cup)"]
[Site "Taastrup"]
[Date "2004.07.31"]
[Round "10"]
[White "Nielsen, Jens Holm"]
[Black "Jensen, Sren"]
[Result "1-0"]
[WhiteElo "2068"]
[BlackElo "1609"]
[PlyCount "81"]
[EventDate "2004.07.24"]
[EventType "swiss"]
[EventRounds "10"]
[EventCountry "DEN"]
[SourceDate "2004.01.01"]

1. e4 c6 2. Nc3 d5 3. d4 dxe4 4. f3 exf3 5. Nxf3 Nf6 6. Bc4 Bg4 7. Bxf7+ Kxf7
8. Ne5+ Kg8 9. Nxg4 Qd7 10. Ne5 Qf5 11. Rf1 Qe6 12. Qf3 Nbd7 13. Bf4 g6 14.
O-O-O Bg7 15. Rfe1 Nh5 16. Nxd7 Qxd7 17. Be5 Rf8 18. Qe2 Rf7 19. d5 h6 20. dxc6
Qxc6 21. Rd8+ Kh7 22. Rxh8+ Bxh8 23. Bxh8 Kxh8 24. Qd2 Kh7 25. Qd5 Qxd5 26.
Nxd5 e6 27. Rxe6 Rf1+ 28. Kd2 Rf2+ 29. Kc3 Rxg2 30. Re7+ Kh8 31. Rxb7 Rxh2 32.
Rxa7 Rh3+ 33. Kd4 g5 34. Ne3 g4 35. c4 g3 36. c5 Rh4+ 37. Kc3 Nf6 38. c6 Nd5+
39. Nxd5 g2 40. Nf6 Rh3+ 41. Kc2 1-0

[Event "26. Copenhagen Open  (Politiken Cup)"]
[Site "Taastrup"]
[Date "2004.07.31"]
[Round "10"]
[White "Nielsen, Steffen"]
[Black "Moller, Arne"]
[Result "1/2-1/2"]
[WhiteElo "2124"]
[BlackElo "1936"]
[PlyCount "21"]
[EventDate "2004.07.24"]
[EventType "swiss"]
[EventRounds "10"]
[EventCountry "DEN"]
[SourceDate "2004.01.01"]

1. e4 c5 2. Nf3 d6 3. d4 cxd4 4. Nxd4 Nf6 5. Nc3 a6 6. Bg5 e6 7. f4 Be7 8. Qf3
Nc6 9. O-O-O Qc7 10. Qg3 h6 11. Bh4 1/2-1/2

[Event "26. Copenhagen Open  (Politiken Cup)"]
[Site "Taastrup"]
[Date "2004.07.31"]
[Round "10"]
[White "Nolsoe, Eydun"]
[Black "Bae, Torstein"]
[Result "1/2-1/2"]
[WhiteElo "2212"]
[BlackElo "2269"]
[PlyCount "127"]
[EventDate "2004.07.24"]
[EventType "swiss"]
[EventRounds "10"]
[EventCountry "DEN"]
[SourceDate "2004.01.01"]

1. e4 e5 2. Nf3 Nc6 3. d4 exd4 4. Nxd4 Nf6 5. Nxc6 bxc6 6. e5 Qe7 7. Qe2 Nd5 8.
c4 Ba6 9. b3 g6 10. Bb2 Bg7 11. g3 O-O 12. Bg2 Rae8 13. O-O Nb6 14. Re1 f6 15.
e6 Qd6 16. c5 Bxe2 17. cxd6 Rxe6 18. dxc7 Rfe8 19. Nd2 f5 20. Bxg7 Kxg7 21. Nf3
Bxf3 22. Rxe6 Rxe6 23. Bxf3 Re8 24. a4 Rc8 25. a5 Na8 26. b4 Nxc7 27. Rd1 d5
28. Rc1 Na6 29. b5 Nb4 30. bxc6 Rxc6 31. Rb1 Rc4 32. Be2 Re4 33. Bf3 Rd4 34.
Rc1 Rc4 35. Rd1 Rc5 36. Rb1 Rb5 37. Bxd5 Rxd5 38. Rxb4 Rxa5 39. Rb7+ Kh6 40. h4
Ra2 41. Kg2 a5 42. Ra7 Ra1 43. Kf3 Ra4 44. Kg2 Ra3 45. Kh2 Ra2 46. Kg2 a4 47.
Kf3 Ra3+ 48. Kf4 Ra1 49. Kf3 a3 50. Kf4 Ra2 51. Kf3 g5 52. hxg5+ Kxg5 53. Rxh7
Rb2 54. Ra7 a2 55. Ra6 Kh5 56. Kg2 Kg4 57. Rg6+ Kh5 58. Ra6 f4 59. Ra5+ Kg4 60.
Ra4 Kg5 61. Ra5+ Kg4 62. Ra4 Kg5 63. Ra5+ Kg4 64. Ra4 1/2-1/2

[Event "26. Copenhagen Open  (Politiken Cup)"]
[Site "Taastrup"]
[Date "2004.07.31"]
[Round "10"]
[White "Overmark, Ole"]
[Black "Danielsen, Magnus"]
[Result "1/2-1/2"]
[WhiteElo "1653"]
[BlackElo "1928"]
[PlyCount "31"]
[EventDate "2004.07.24"]
[EventType "swiss"]
[EventRounds "10"]
[EventCountry "DEN"]
[SourceDate "2004.01.01"]

1. Nf3 Nf6 2. g3 b6 3. Bg2 Bb7 4. O-O e6 5. c4 Be7 6. Nc3 O-O 7. d4 d5 8. cxd5
Nxd5 9. Re1 c5 10. Nxd5 Bxd5 11. Bf4 cxd4 12. Nxd4 Bxg2 13. Kxg2 Bb4 14. Rf1
Qd5+ 15. Nf3 Rd8 16. Qxd5 1/2-1/2

[Event "26. Copenhagen Open  (Politiken Cup)"]
[Site "Taastrup"]
[Date "2004.07.31"]
[Round "10"]
[White "Pedersen, Steen Guldager"]
[Black "Konstatinov, Maxim"]
[Result "1-0"]
[WhiteElo "1954"]
[BlackElo "1517"]
[PlyCount "127"]
[EventDate "2004.07.24"]
[EventType "swiss"]
[EventRounds "10"]
[EventCountry "DEN"]
[SourceDate "2004.01.01"]

1. e4 c5 2. Nf3 Nc6 3. d4 cxd4 4. Nxd4 Nf6 5. Nc3 d6 6. Bg5 e5 7. Bxf6 gxf6 8.
Ndb5 a6 9. Na3 b5 10. Nd5 f5 11. Bxb5 Bd7 12. Bxc6 Bxc6 13. c3 fxe4 14. Nc2 Rb8
15. Rb1 Bg7 16. Nce3 Bd7 17. Qh5 O-O 18. Nf5 Bxf5 19. Qxf5 Qa5 20. Qxe4 Qxa2
21. Nb4 Qe6 22. Nxa6 d5 23. Qe2 Qg6 24. O-O Rb6 25. Nb4 d4 26. Nd5 Re6 27. cxd4
Rd8 28. Qc4 exd4 29. Rbe1 Qf5 30. Ne7+ Rxe7 31. Rxe7 d3 32. Ree1 Bxb2 33. h3 d2
34. Rd1 Rd4 35. Qc7 Bc1 36. Qb8+ Kg7 37. Qg3+ Kf8 38. Qe3 Re4 39. Qh6+ Kg8 40.
Rxc1 dxc1=Q 41. Rxc1 Qe6 42. Qg5+ Kf8 43. Qd2 Re2 44. Qc3 Kg8 45. Kf1 Re5 46.
Qg3+ Kf8 47. Qa3+ Kg8 48. Qc3 Qa6+ 49. Kg1 Qe6 50. Rd1 Rd5 51. Re1 Qd7 52. Qg3+
Kf8 53. Qf3 Kg8 54. Kh2 Qd6+ 55. g3 Qd7 56. Qf4 Rf5 57. Qg4+ Kf8 58. Kg1 Rd5
59. Qf3 Kg8 60. Rb1 Kf8 61. Rb8+ Kg7 62. Qc3+ Kh6 63. Qf6+ Kh5 64. g4+ 1-0

[Event "26. Copenhagen Open  (Politiken Cup)"]
[Site "Taastrup"]
[Date "2004.07.31"]
[Round "10"]
[White "Pedersen, Thomas"]
[Black "Svanholm, Borge Waaktaar"]
[Result "1/2-1/2"]
[WhiteElo "1712"]
[BlackElo "2052"]
[PlyCount "69"]
[EventDate "2004.07.24"]
[EventType "swiss"]
[EventRounds "10"]
[EventCountry "DEN"]
[SourceDate "2004.01.01"]

1. e4 c5 2. Nc3 Nc6 3. f4 g6 4. Nf3 Bg7 5. g3 e6 6. Bg2 Nge7 7. d3 O-O 8. O-O
d6 9. Be3 Nd4 10. Rb1 Nec6 11. Ne1 Rb8 12. Qd2 b5 13. Nd1 b4 14. Rc1 Qb6 15. c3
Nb5 16. Nf3 a5 17. Nh4 f5 18. Qf2 Rd8 19. Nf3 Bb7 20. Ng5 Nc7 21. Re1 Re8 22.
Bf1 Ba6 23. Nf3 Bf8 24. Rc2 Rbd8 25. h4 Be7 26. Ng5 Bc8 27. Kh2 Rf8 28. Be2 Ne8
29. Bf3 Nf6 30. Qg1 Rde8 31. Bf2 Bd7 32. e5 dxe5 33. fxe5 Ng4+ 34. Bxg4 fxg4
35. cxb4 1/2-1/2

[Event "26. Copenhagen Open  (Politiken Cup)"]
[Site "Taastrup"]
[Date "2004.07.31"]
[Round "10"]
[White "Preuss, Flemming"]
[Black "Nielsen, Rasmus Lundberg"]
[Result "1-0"]
[WhiteElo "2044"]
[BlackElo "1760"]
[PlyCount "37"]
[EventDate "2004.07.24"]
[EventType "swiss"]
[EventRounds "10"]
[EventCountry "DEN"]
[SourceDate "2004.01.01"]

1. f4 e5 2. fxe5 d6 3. exd6 Bxd6 4. Nf3 g5 5. g3 g4 6. Nh4 Ne7 7. d4 Ng6 8. Ng2
h5 9. e4 h4 10. e5 Be7 11. Bf4 Nxf4 12. gxf4 h3 13. Ne3 Bh4+ 14. Ke2 g3 15.
hxg3 Bxg3 16. f5 Qh4 17. Rxh3 Qf4 18. Rxh8+ Kd7 19. Bh3 1-0

[Event "26. Copenhagen Open  (Politiken Cup)"]
[Site "Taastrup"]
[Date "2004.07.31"]
[Round "10"]
[White "Radovic, Slobodan"]
[Black "Joensen, Hjalmar"]
[Result "1-0"]
[WhiteElo "1382"]
[BlackElo "1618"]
[PlyCount "130"]
[EventDate "2004.07.24"]
[EventType "swiss"]
[EventRounds "10"]
[EventCountry "DEN"]
[SourceDate "2004.01.01"]

1. d4 Nf6 2. Nf3 d5 3. Bf4 e6 4. e3 Bd6 5. Ne5 a6 6. Bd3 Nbd7 7. Nd2 O-O 8. g4
Bxe5 9. dxe5 Ne4 10. h4 f6 11. Nxe4 dxe4 12. Bxe4 Nxe5 13. Bxe5 fxe5 14. Qxd8
Rxd8 15. b3 Rb8 16. Ke2 b6 17. Rhd1 Rf8 18. Rd2 Bb7 19. Bxb7 Rxb7 20. Rad1 c5
21. Rd6 Kf7 22. Rd7+ Rxd7 23. Rxd7+ Kf6 24. e4 h6 25. a4 Rf7 26. Rd6 Rb7 27.
Ke3 Ke7 28. Rd2 Ke8 29. Rd6 Ke7 30. Rd1 Rb8 31. c4 Rf8 32. h5 a5 33. Rd2 Rf6
34. f3 Rf4 35. Rh2 Kf6 36. Rg2 Kf7 37. g5 hxg5 38. Rxg5 Kf6 39. Rg6+ Kf7 40.
Rg4 Rf6 41. Rg2 Rh6 42. Rg5 g6 43. hxg6+ Rxg6 44. Rxg6 Kxg6 45. Kf2 Kh5 46. Kg2
Kh4 47. Kh2 Kh5 48. Kh3 Kg5 49. Kg3 Kh5 50. f4 exf4+ 51. Kxf4 Kg6 52. Ke5 Kf7
53. Kd6 Kf6 54. Kc6 Ke5 55. Kxb6 Kxe4 56. Kxc5 Kf4 57. Kb5 e5 58. c5 e4 59. c6
e3 60. c7 e2 61. c8=Q e1=Q 62. Qf8+ Kg3 63. Qg7+ Kf4 64. Qf7+ Kg5 65. Qc4 Qe5+
1-0

[Event "26. Copenhagen Open  (Politiken Cup)"]
[Site "Taastrup"]
[Date "2004.07.31"]
[Round "10"]
[White "Rasmussen, Henning"]
[Black "Buchkremer, Felix"]
[Result "0-1"]
[WhiteElo "1767"]
[BlackElo "2046"]
[PlyCount "60"]
[EventDate "2004.07.24"]
[EventType "swiss"]
[EventRounds "10"]
[EventCountry "DEN"]
[SourceDate "2004.01.01"]

1. d4 f5 2. e4 fxe4 3. Nc3 Nf6 4. Bg5 Nc6 5. d5 Ne5 6. Qd4 Nf7 7. Bxf6 exf6 8.
Nxe4 f5 9. Ng3 g6 10. O-O-O Bh6+ 11. Kb1 O-O 12. h4 Bg7 13. Qd2 b5 14. c3 Qf6
15. f4 h5 16. Nf3 Rb8 17. Ng5 Rb6 18. Nxf7 Qxf7 19. Be2 Bb7 20. Bf3 a5 21. Ne2
Rd6 22. Rhe1 c5 23. Nc1 Rc8 24. g3 c4 25. Qg2 b4 26. cxb4 c3 27. bxc3 Bxc3 28.
Re6 dxe6 29. dxe6 Qc7 30. Rxd6 Bxf3 0-1

[Event "26. Copenhagen Open  (Politiken Cup)"]
[Site "Taastrup"]
[Date "2004.07.31"]
[Round "10"]
[White "Rasmussen, Karsten"]
[Black "Bjerke, Richard"]
[Result "1-0"]
[WhiteElo "2470"]
[BlackElo "2232"]
[PlyCount "79"]
[EventDate "2004.07.24"]
[EventType "swiss"]
[EventRounds "10"]
[EventCountry "DEN"]
[SourceDate "2004.01.01"]

1. Nf3 Nf6 2. c4 g6 3. Nc3 Bg7 4. g3 O-O 5. Bg2 d6 6. O-O c6 7. d4 Bf5 8. Ne1
Qc8 9. e4 Bh3 10. f3 Bxg2 11. Kxg2 a6 12. c5 b5 13. cxd6 exd6 14. Bf4 Qe6 15.
Qb3 d5 16. Bxb8 Rfxb8 17. e5 Nd7 18. Nd3 a5 19. Rae1 Re8 20. Rf2 h5 21. Qc2 Bh6
22. Ne2 Rac8 23. f4 Qf5 24. Ng1 Bf8 25. Nf3 Be7 26. a3 c5 27. Nxc5 Qxc2 28.
Rxc2 Bxc5 29. Rec1 Nb6 30. Rxc5 Nc4 31. Rxc8 Rxc8 32. Kf2 a4 33. Ne1 b4 34.
axb4 Ra8 35. Nd3 a3 36. Ra1 Nxb2 37. Nxb2 axb2 38. Rb1 Ra1 39. Rxb2 Rh1 40. Kg2
1-0

[Event "26. Copenhagen Open  (Politiken Cup)"]
[Site "Taastrup"]
[Date "2004.07.31"]
[Round "10"]
[White "Roder, Peter"]
[Black "Mortensen, Jan T"]
[Result "0-1"]
[WhiteElo "2166"]
[BlackElo "2028"]
[PlyCount "78"]
[EventDate "2004.07.24"]
[EventType "swiss"]
[EventRounds "10"]
[EventCountry "DEN"]
[SourceDate "2004.01.01"]

1. d4 f5 2. c4 Nf6 3. Nc3 g6 4. g3 Bg7 5. Bg2 O-O 6. Nh3 Nc6 7. d5 Ne5 8. Qb3
c6 9. f4 Nf7 10. Nf2 e5 11. e4 fxe4 12. Nfxe4 Nh5 13. Bd2 exf4 14. O-O-O Ne5
15. c5 Kh8 16. Rdf1 b6 17. gxf4 Nd3+ 18. Kb1 Ba6 19. Qa3 Ndxf4 20. Qxa6 Nxg2
21. d6 Ngf4 22. Rf3 Ne6 23. Rhf1 Rxf3 24. Rxf3 bxc5 25. Rf7 Kg8 26. Qf1 Bf8 27.
Rf2 Rb8 28. Na4 Bg7 29. Qc4 Bd4 30. Re2 Qf8 31. Re1 Qf5 32. Ka1 Qd5 33. Qa6 c4
34. Nac3 Nc5 35. Qa3 Bxc3 36. Nxc3 Qxd2 37. Rb1 Qxd6 38. Qxa7 Nf4 39. Rd1 Nfd3
0-1

[Event "26. Copenhagen Open  (Politiken Cup)"]
[Site "Taastrup"]
[Date "2004.07.31"]
[Round "10"]
[White "Rosenkilde, Alexander"]
[Black "Malmberg, Mio"]
[Result "1/2-1/2"]
[WhiteElo "1989"]
[BlackElo "2114"]
[PlyCount "97"]
[EventDate "2004.07.24"]
[EventType "swiss"]
[EventRounds "10"]
[EventCountry "DEN"]
[SourceDate "2004.01.01"]

1. d4 e6 2. c4 b6 3. e4 Bb7 4. Nc3 Bb4 5. Bd3 f5 6. Qc2 Qh4 7. Nf3 Qg4 8. O-O
Bxc3 9. h3 Qh5 10. bxc3 Nf6 11. Nd2 fxe4 12. Nxe4 O-O 13. Bf4 d6 14. Bg3 Nbd7
15. Rfe1 Qh6 16. Nxf6+ Rxf6 17. Be4 d5 18. cxd5 exd5 19. Bf5 Nf8 20. Bxc7 Bc8
21. Bxc8 Rxc8 22. Bg3 Rfc6 23. Qf5 Rd8 24. Re7 a5 25. Be5 Rg6 26. Qf7+ Kh8 27.
Re8 Rxe8 28. Qxe8 Kg8 29. Bg3 Qd2 30. Qd8 Rg5 31. Rb1 Qxa2 32. Rxb6 Rf5 33. Qc7
Rf7 34. Qc5 Nd7 35. Qc8+ Nf8 36. Ra6 a4 37. Qc5 h5 38. Qb4 Qd2 39. Rxa4 g5 40.
h4 gxh4 41. Bxh4 Rf4 42. Bg3 Qc1+ 43. Kh2 h4 44. Bxf4 Qxf4+ 45. Kh3 Qf5+ 46. g4
Qf3+ 47. Kxh4 Qxf2+ 48. Kh5 Qf7+ 49. Kh4 1/2-1/2

[Event "26. Copenhagen Open  (Politiken Cup)"]
[Site "Taastrup"]
[Date "2004.07.31"]
[Round "10"]
[White "Rossen, Claus"]
[Black "Soupizon, Remi"]
[Result "1-0"]
[WhiteElo "2168"]
[BlackElo "2003"]
[PlyCount "41"]
[EventDate "2004.07.24"]
[EventType "swiss"]
[EventRounds "10"]
[EventCountry "DEN"]
[SourceDate "2004.01.01"]

1. e4 d5 2. exd5 Qxd5 3. Nc3 Qa5 4. d4 Nf6 5. Bc4 Bf5 6. Bd2 Qb6 7. Nf3 c6 8.
Qe2 e6 9. O-O-O Bb4 10. d5 Bxc3 11. Bxc3 cxd5 12. Bxf6 gxf6 13. Rxd5 Bg6 14.
Rb5 Qc6 15. Bd5 Qa6 16. Bxb7 Qxa2 17. Bxa8 O-O 18. Nd2 Rc8 19. Be4 Nc6 20. Bxg6
hxg6 21. Qc4 1-0

[Event "26. Copenhagen Open  (Politiken Cup)"]
[Site "Taastrup"]
[Date "2004.07.31"]
[Round "10"]
[White "Sagafos, Magne"]
[Black "Backelin, Rikard"]
[Result "1/2-1/2"]
[WhiteElo "2242"]
[BlackElo "2292"]
[PlyCount "20"]
[EventDate "2004.07.24"]
[EventType "swiss"]
[EventRounds "10"]
[EventCountry "DEN"]
[SourceDate "2004.01.01"]

1. e4 e6 2. d4 d5 3. Nd2 c5 4. exd5 exd5 5. Ngf3 Nc6 6. Bb5 Bd6 7. dxc5 Bxc5 8.
O-O Nge7 9. Nb3 Bd6 10. Re1 O-O 1/2-1/2

[Event "26. Copenhagen Open  (Politiken Cup)"]
[Site "Taastrup"]
[Date "2004.07.31"]
[Round "10"]
[White "Scherwin, Claes"]
[Black "Barr, Steven"]
[Result "1-0"]
[WhiteElo "1444"]
[BlackElo "1712"]
[PlyCount "121"]
[EventDate "2004.07.24"]
[EventType "swiss"]
[EventRounds "10"]
[EventCountry "DEN"]
[SourceDate "2004.01.01"]

1. e4 e5 2. Nf3 Nc6 3. Bc4 Nf6 4. d3 Be7 5. Be3 d6 6. Nc3 h6 7. a3 Bd7 8. O-O
O-O 9. Nd5 Kh8 10. Qd2 Ng4 11. h3 Nxe3 12. fxe3 f5 13. exf5 Bxf5 14. e4 Bh7 15.
c3 Qd7 16. Rae1 Rae8 17. Rf2 Bf6 18. Ref1 Qc8 19. Qe2 Ne7 20. Ne3 Ng6 21. Kh2
Nf4 22. Qd1 c6 23. Ng4 b5 24. Ba2 d5 25. exd5 Nxd3 26. Re2 e4 27. Ne1 Qc7+ 28.
Kg1 Qg3 29. Nxf6 gxf6 30. Nxd3 exd3 31. Rd2 Re3 32. dxc6 Rfe8 33. Qg4 Qxg4 34.
hxg4 Re2 35. Rfd1 Rc8 36. Bd5 Kg7 37. Bf3 Re6 38. Kf2 Kf8 39. Rh1 Kg7 40. Re1
Kf7 41. Bd5 Rcxc6 42. Rdd1 Rcd6 43. Bxe6+ Rxe6 44. Rxe6 Kxe6 45. Rh1 Be4 46.
Rxh6 Ke5 47. g3 d2 48. Ke2 Bf3+ 49. Kxd2 Bxg4 50. Ke3 a5 51. Rh8 a4 52. Rh4 f5
53. Rh8 Kd5 54. Kd3 Bd1 55. Rd8+ Kc5 56. Rd4 Bb3 57. Ke3 Be6 58. Kf4 Kc6 59.
Ke5 Bc8 60. Rd8 Bd7 61. Rxd7 1-0

[Event "26. Copenhagen Open  (Politiken Cup)"]
[Site "Taastrup"]
[Date "2004.07.31"]
[Round "10"]
[White "Schmied, Andreas"]
[Black "Aandal, Kristian"]
[Result "1-0"]
[WhiteElo "2106"]
[BlackElo "1927"]
[PlyCount "75"]
[EventDate "2004.07.24"]
[EventType "swiss"]
[EventRounds "10"]
[EventCountry "DEN"]
[SourceDate "2004.01.01"]

1. d4 Nf6 2. c4 c5 3. d5 e6 4. Nc3 exd5 5. cxd5 d6 6. e4 g6 7. f4 Qe7 8. Nf3
Bg4 9. Bb5+ Nbd7 10. O-O Bxf3 11. Qxf3 a6 12. e5 dxe5 13. fxe5 Qxe5 14. Bf4
Qd4+ 15. Be3 Qe5 16. Bxd7+ Kxd7 17. Kh1 Bd6 18. Qh3+ Kc7 19. Bf4 Qxf4 20. Rxf4
Bxf4 21. Qf3 Be5 22. d6+ Kxd6 23. Rd1+ Kc7 24. Nd5+ Nxd5 25. Qxf7+ Kb6 26. Qe6+
Ka7 27. Qxe5 Nb6 28. Qxc5 Rac8 29. Qd4 Rhe8 30. h3 Re2 31. Rd2 Re7 32. Qh4 Rce8
33. b3 Ka8 34. Rd8+ Rxd8 35. Qxe7 Rd1+ 36. Kh2 Rd2 37. a4 Rd3 38. Qxh7 1-0

[Event "26. Copenhagen Open  (Politiken Cup)"]
[Site "Taastrup"]
[Date "2004.07.31"]
[Round "10"]
[White "Schou Moldt, Thomas"]
[Black "Andreasen, Per Naesby"]
[Result "0-1"]
[WhiteElo "2248"]
[BlackElo "2309"]
[PlyCount "56"]
[EventDate "2004.07.24"]
[EventType "swiss"]
[EventRounds "10"]
[EventCountry "DEN"]
[SourceDate "2004.01.01"]

1. e4 g6 2. d4 Bg7 3. Nc3 d6 4. Be3 a6 5. Be2 b5 6. Bf3 Bb7 7. g4 Nd7 8. Nge2
c5 9. Ng3 Rc8 10. Be2 b4 11. Nd5 e6 12. Nf4 cxd4 13. Bd2 Ngf6 14. f3 e5 15. Nd3
d5 16. g5 Nxe4 17. fxe4 dxe4 18. Nxb4 e3 19. Bxa6 Bxa6 20. Nxa6 exd2+ 21. Qxd2
O-O 22. Nb4 e4 23. h4 Ne5 24. O-O-O Nc4 25. Qh2 Qa5 26. c3 dxc3 27. h5 cxb2+
28. Kb1 Na3# 0-1

[Event "26. Copenhagen Open  (Politiken Cup)"]
[Site "Taastrup"]
[Date "2004.07.31"]
[Round "10"]
[White "Schonberg, Pauli"]
[Black "Pedersen, Kaj Vinding"]
[Result "0-1"]
[WhiteElo "1421"]
[BlackElo "1496"]
[PlyCount "134"]
[EventDate "2004.07.24"]
[EventType "swiss"]
[EventRounds "10"]
[EventCountry "DEN"]
[SourceDate "2004.01.01"]

1. e4 Nf6 2. e5 Nd5 3. d4 d6 4. c4 Nb6 5. Nf3 Bg4 6. h3 Bh5 7. g4 Bg6 8. Nc3
Nc6 9. exd6 exd6 10. Be3 Be7 11. Bg2 Nxc4 12. Qe2 Nxe3 13. Qxe3 O-O 14. O-O Re8
15. Qd2 Bf6 16. g5 Be7 17. Rae1 Bh5 18. Nh4 h6 19. f4 hxg5 20. fxg5 Rf8 21.
Bxc6 bxc6 22. Rxe7 Qxe7 23. Re1 Qd7 24. Qd3 Rae8 25. Rf1 g6 26. Ne4 Rxe4 27.
Qxe4 Qxh3 28. Ng2 Qg4 29. Qe3 Qe2 30. Qxe2 Bxe2 31. Rc1 Bf3 32. Rc3 Bd5 33. Ra3
Ra8 34. Ne3 a6 35. Nxd5 cxd5 36. Rc3 Ra7 37. Kf2 Rb7 38. b3 Kg7 39. Rf3 c5 40.
Rf6 Rb4 41. dxc5 dxc5 42. Rxa6 Rg4 43. Rc6 c4 44. bxc4 dxc4 45. Rc5 Rh4 46. a4
c3 47. Rxc3 Rxa4 48. Rf3 Ra5 49. Rg3 Rf5+ 50. Kg2 Kf8 51. Kh3 Ke7 52. Rg4 Ke6
53. Rg3 Rf1 54. Kg2 Rf4 55. Kh3 Kf5 56. Rg2 Rf1 57. Kh2 Kf4 58. Rg3 Rh1+ 59.
Kg2 Rh5 60. Rf3+ Kxg5 61. Rxf7 Kg4 62. Rf3 Rh2+ 63. Kxh2 Kxf3 64. Kg1 Kg3 65.
Kf1 g5 66. Kg1 g4 67. Kh1 Kf2 0-1

[Event "26. Copenhagen Open  (Politiken Cup)"]
[Site "Taastrup"]
[Date "2004.07.31"]
[Round "10"]
[White "Serrano, Jose Manuel Garcia"]
[Black "Werner, Gert"]
[Result "0-1"]
[WhiteElo "1988"]
[BlackElo "2085"]
[PlyCount "62"]
[EventDate "2004.07.24"]
[EventType "swiss"]
[EventRounds "10"]
[EventCountry "DEN"]
[SourceDate "2004.01.01"]

1. e4 g6 2. d4 Bg7 3. Nc3 c6 4. Be3 d5 5. Nf3 Nf6 6. exd5 cxd5 7. Qd2 O-O 8.
O-O-O Nc6 9. Bh6 Qa5 10. Bxg7 Kxg7 11. Qf4 Bf5 12. a3 Rac8 13. Nh4 Be6 14. Be2
a6 15. Rhg1 b5 16. g4 b4 17. Nf5+ Bxf5 18. axb4 Nxb4 19. gxf5 Qa1+ 20. Kd2 Qxb2
21. Rg3 Qxc2+ 22. Ke1 Rxc3 23. f3 Nd3+ 24. Rxd3 Rxd3 25. Rh3 Qc3+ 26. Kf1 Rxd4
27. Qh6+ Kg8 28. fxg6 fxg6 29. Rg3 Qd2 30. Rg5 Qf4 31. h4 Qxh4 0-1

[Event "26. Copenhagen Open  (Politiken Cup)"]
[Site "Taastrup"]
[Date "2004.07.31"]
[Round "10"]
[White "Sigurdsson, Thorgeir"]
[Black "Sandbech, Ted"]
[Result "1-0"]
[WhiteElo "1200"]
[BlackElo "1839"]
[PlyCount "107"]
[EventDate "2004.07.24"]
[EventType "swiss"]
[EventRounds "10"]
[EventCountry "DEN"]
[SourceDate "2004.01.01"]

1. e4 d5 2. exd5 Qxd5 3. Nc3 Qa5 4. a3 e6 5. d4 c6 6. Nf3 Nf6 7. Bd2 Qc7 8. Bd3
Be7 9. O-O O-O 10. b4 Nbd7 11. Ne4 Nxe4 12. Bxe4 e5 13. Re1 f5 14. Nxe5 Nxe5
15. Bf4 fxe4 16. Bxe5 Bd6 17. Rxe4 Bxe5 18. dxe5 Bf5 19. Re3 Rad8 20. Qe2 Be6
21. a4 Rd7 22. Raa3 Qd8 23. Rad3 Rxd3 24. Rxd3 Bc4 25. Rxd8 Bxe2 26. Rxf8+ Kxf8
27. a5 Ke7 28. f4 Ke6 29. Kf2 Bc4 30. Ke3 b6 31. axb6 axb6 32. Kd4 Be2 33. c4
h5 34. c5 b5 35. Ke4 Bg4 36. h3 Bf5+ 37. Kf3 h4 38. g4 hxg3 39. Kxg3 Kd5 40.
Kh4 Kc4 41. Kg5 Bxh3 42. f5 Bg2 43. e6 Bd5 44. Kg6 Kxb4 45. e7 Kxc5 46. e8=Q
Kc4 47. Qe2+ Kb3 48. Qd3+ Kb4 49. Kxg7 Kc5 50. f6 b4 51. f7 Bxf7 52. Kxf7 Kb6
53. Qc4 c5 54. Ke6 1-0

[Event "26. Copenhagen Open  (Politiken Cup)"]
[Site "Taastrup"]
[Date "2004.07.31"]
[Round "10"]
[White "Skjoldager, Flemming"]
[Black "Lfstrand, Johannes"]
[Result "0-1"]
[WhiteElo "2088"]
[BlackElo "1856"]
[PlyCount "142"]
[EventDate "2004.07.24"]
[EventType "swiss"]
[EventRounds "10"]
[EventCountry "DEN"]
[SourceDate "2004.01.01"]

1. Nf3 c5 2. e4 Nc6 3. d4 cxd4 4. Nxd4 g6 5. Be3 Bg7 6. Nc3 Nf6 7. Bc4 Qa5 8.
O-O O-O 9. h3 d6 10. Re1 Bd7 11. Nd5 Nxe4 12. Nxc6 bxc6 13. Nxe7+ Kh8 14. Bd4
f5 15. f3 Nf6 16. c3 Rae8 17. Re2 d5 18. Bb3 Rf7 19. Qe1 Qd8 20. Nxg6+ hxg6 21.
Bxa7 Rxe2 22. Qxe2 Re7 23. Qf2 Bc8 24. Bd4 Ba6 25. Re1 Qe8 26. Rxe7 Qxe7 27.
Qg3 Kh7 28. Qh4+ Kg8 29. Qg3 Kf7 30. Qb8 Nh5 31. Bf2 Be5 32. Qb6 Qb7 33. Qd8
Qc7 34. Qxc7+ Bxc7 35. Bc2 Nf4 36. Bc5 Nd3 37. Bxd3 Bxd3 38. Kf2 Bb1 39. a3 Bd3
40. g3 f4 41. g4 Bd8 42. Bd6 Bh4+ 43. Kg2 g5 44. a4 Bc2 45. a5 Bd3 46. Bc5 Ke6
47. Bb6 Kd6 48. b4 Be1 49. Bd4 Kc7 50. Bf6 Bh4 51. Be5+ Kb7 52. Bd4 Ka6 53. Be5
Kb5 54. Bd4 Ka4 55. Be5 Kb3 56. Bd4 Kc2 57. Be5 Kd2 58. Bf6 Ke2 59. Be7 Bb5 60.
Bd8 Ke3 61. Be7 Be1 62. Bxg5 Bxc3 63. Be7 Be2 64. Bc5+ d4 65. g5 Bxf3+ 66. Kh2
Be4 67. a6 f3 68. a7 f2 69. a8=Q f1=Q 70. Qa2 Qf4+ 71. Kg1 Qg3+ 0-1

[Event "26. Copenhagen Open  (Politiken Cup)"]
[Site "Taastrup"]
[Date "2004.07.31"]
[Round "10"]
[White "Skovgaard, Peter Nicolai"]
[Black "Bleis, Christian"]
[Result "1/2-1/2"]
[WhiteElo "2116"]
[BlackElo "2261"]
[PlyCount "88"]
[EventDate "2004.07.24"]
[EventType "swiss"]
[EventRounds "10"]
[EventCountry "DEN"]
[SourceDate "2004.01.01"]

1. e4 c5 2. Nf3 d6 3. d4 cxd4 4. Nxd4 Nf6 5. Nc3 g6 6. Be3 Bg7 7. f3 O-O 8. Qd2
Nc6 9. Bc4 Bd7 10. O-O-O Ne5 11. Bb3 Qa5 12. g4 Rfc8 13. h4 Rc4 14. Bxc4 Nxc4
15. Qd3 Qb4 16. Nb3 Nxe4 17. Qxe4 Bxc3 18. Bd4 Nxb2 19. Bxc3 Qxc3 20. Rde1 Na4
21. Qd4 Qxd4 22. Nxd4 e5 23. Nb3 Bc6 24. Rhf1 Nc3 25. Kb2 Nd5 26. Na5 Nf4 27.
Nxc6 bxc6 28. Re3 Rd8 29. Rd1 f6 30. Ra3 Rd7 31. Ra6 Kf7 32. Rxc6 d5 33. c3 h5
34. Kc2 Ng2 35. gxh5 gxh5 36. Kd2 Nxh4 37. Ke3 Ng2+ 38. Kf2 Nf4 39. Rb1 Kg6 40.
Rb8 Kf5 41. Rf8 Ne6 42. Rh8 Nf4 43. Rf8 Ne6 44. Rh8 Nf4 1/2-1/2